<?xml version="1.0" encoding="UTF-8"?>
<collection xmlns="http://www.loc.gov/MARC21/slim">
 <record>
  <leader>01153nam a2200277 a 4500</leader>
  <controlfield tag="001">1213268</controlfield>
  <controlfield tag="008">090517s2000    njua          001 0 eng d</controlfield>
  <datafield tag="010" ind1=" " ind2=" ">
   <subfield code="a">   99023645 </subfield>
  </datafield>
  <datafield tag="020" ind1=" " ind2=" ">
   <subfield code="a">0130155373 </subfield>
  </datafield>
  <datafield tag="040" ind1=" " ind2=" ">
   <subfield code="a">DLC</subfield>
   <subfield code="c">DLC</subfield>
   <subfield code="d">DLC</subfield>
   <subfield code="d">BD-DhAAL</subfield>
  </datafield>
  <datafield tag="082" ind1="0" ind2="0">
   <subfield code="a">621.319/2</subfield>
   <subfield code="2">21</subfield>
  </datafield>
  <datafield tag="100" ind1="1" ind2=" ">
   <subfield code="a">Boylestad, Robert L.</subfield>
   <subfield code="9">827</subfield>
  </datafield>
  <datafield tag="245" ind1="1" ind2="0">
   <subfield code="a">Introductory circuit analysis /</subfield>
   <subfield code="c">Robert L. Boylestad.</subfield>
  </datafield>
  <datafield tag="250" ind1=" " ind2=" ">
   <subfield code="a">9th ed.</subfield>
  </datafield>
  <datafield tag="260" ind1=" " ind2=" ">
   <subfield code="a">Upper Saddle River, N.J. :</subfield>
   <subfield code="b">Prentice Hall, </subfield>
   <subfield code="c">c2000.</subfield>
  </datafield>
  <datafield tag="300" ind1=" " ind2=" ">
   <subfield code="a">xvi, 1200 p. :</subfield>
   <subfield code="b">ill. ;</subfield>
   <subfield code="c">29 cm.</subfield>
  </datafield>
  <datafield tag="504" ind1=" " ind2=" ">
   <subfield code="a">Includes index.</subfield>
  </datafield>
  <datafield tag="541" ind1="1" ind2=" ">
   <subfield code="e">00012643</subfield>
  </datafield>
  <datafield tag="630" ind1="0" ind2="0">
   <subfield code="a">PSpice.</subfield>
   <subfield code="9">828</subfield>
  </datafield>
  <datafield tag="650" ind1=" " ind2="0">
   <subfield code="a">Electric circuits</subfield>
  </datafield>
  <datafield tag="650" ind1=" " ind2="0">
   <subfield code="a">Electric circuit analysis</subfield>
   <subfield code="x">Data processing</subfield>
  </datafield>
  <datafield tag="852" ind1="1" ind2=" ">
   <subfield code="a">Ayesha Abed Library</subfield>
   <subfield code="c">General Shelf</subfield>
  </datafield>
  <datafield tag="942" ind1="0" ind2="0">
   <subfield code="0">1</subfield>
  </datafield>
  <datafield tag="999" ind1=" " ind2=" ">
   <subfield code="c">12421</subfield>
   <subfield code="d">12421</subfield>
  </datafield>
  <datafield tag="952" ind1=" " ind2=" ">
   <subfield code="0">0</subfield>
   <subfield code="1">0</subfield>
   <subfield code="2">ddc</subfield>
   <subfield code="4">0</subfield>
   <subfield code="6">621_319200000000000_BOY</subfield>
   <subfield code="7">0</subfield>
   <subfield code="9">20560</subfield>
   <subfield code="a">BRACUL</subfield>
   <subfield code="b">BRACUL</subfield>
   <subfield code="c">GEN</subfield>
   <subfield code="d">2009-05-17</subfield>
   <subfield code="g">0.00</subfield>
   <subfield code="l">27</subfield>
   <subfield code="m">196</subfield>
   <subfield code="o">621.3192 BOY</subfield>
   <subfield code="p">3010012643</subfield>
   <subfield code="r">2023-09-05</subfield>
   <subfield code="s">2023-06-07</subfield>
   <subfield code="t">1</subfield>
   <subfield code="w">2012-06-25</subfield>
   <subfield code="y">BK</subfield>
   <subfield code="x">No price found in the accession register.</subfield>
  </datafield>
  <datafield tag="952" ind1=" " ind2=" ">
   <subfield code="0">0</subfield>
   <subfield code="1">0</subfield>
   <subfield code="2">ddc</subfield>
   <subfield code="4">0</subfield>
   <subfield code="6">621_319200000000000_BOY</subfield>
   <subfield code="7">0</subfield>
   <subfield code="9">20561</subfield>
   <subfield code="a">BRACUL</subfield>
   <subfield code="b">BRACUL</subfield>
   <subfield code="c">GEN</subfield>
   <subfield code="d">2012-04-18</subfield>
   <subfield code="l">34</subfield>
   <subfield code="m">326</subfield>
   <subfield code="o">621.3192 BOY</subfield>
   <subfield code="p">3010010724</subfield>
   <subfield code="r">2025-11-05</subfield>
   <subfield code="s">2025-11-05</subfield>
   <subfield code="t">2</subfield>
   <subfield code="w">2012-06-25</subfield>
   <subfield code="y">BK</subfield>
  </datafield>
 </record>
</collection>
